书目信息 |
| 题名: |
国民经济核算
|
|
| 作者: | 赵彦云 主编 | |
| 分册: | ||
| 出版信息: | 北京 中国统计出版社 2005.01 |
|
| 页数: | 258页 | |
| 开本: | 26cm | |
| 丛书名: | ||
| 单 册: | ||
| 中图分类: | F222.33 | |
| 科图分类: | ||
| 主题词: | 国民经济--guo min jing ji--经济核算--电视大学--教材 | |
| 电子资源: | ||
| ISBN: | 7-5037-3144-3 | |
| 000 | 00811nam0 2200229 450 | |
| 001 | 012007668577 | |
| 005 | 20070926162647.56 | |
| 010 | @a7-5037-3144-3@dCNY29.00 | |
| 100 | @a20070721d2005 km y0chiy0120 ea | |
| 101 | 0 | @achi |
| 102 | @aCN@b110000 | |
| 105 | @aak z 000yy | |
| 200 | 1 | @a国民经济核算@Aguo min jing ji he suan@f赵彦云主编@Fzhao yan yun zhu bian |
| 210 | @a北京@c中国统计出版社@d2005.01 | |
| 215 | @a258页@c图@d26cm | |
| 300 | @a教育部人才培养模式改革和开放教育试点教材 | |
| 330 | @a本书主要介绍国民经济核算的基本概念、基本原则、基本内容和基本方法,并配有练习思考题及参考答案,是高等院校经济管理专业教材。 | |
| 606 | 0 | @a国民经济@Aguo min jing ji@x经济核算@x电视大学@j教材 |
| 690 | @aF222.33@v4 | |
| 701 | 0 | @a赵彦云@Azhao yan yun@4主编 |
| 801 | 0 | @aCN@c20070926 |
| 905 | @dF222.33@eZ348 | |
| 国民经济核算/赵彦云主编.-北京:中国统计出版社,2005.01 |
| 258页:图;26cm |
| 教育部人才培养模式改革和开放教育试点教材 |
| ISBN 7-5037-3144-3:CNY29.00 |
| 本书主要介绍国民经济核算的基本概念、基本原则、基本内容和基本方法,并配有练习思考题及参考答案,是高等院校经济管理专业教材。 |
| ● |
| 相关链接 |
|
|
|
正题名:国民经济核算
索取号:F222.33/Z348
 
预约/预借
| 序号 | 登录号 | 条形码 | 馆藏地/架位号 | 状态 | 备注 |
| 1 | 245633 | 202456332 | 社科库409/409社科库 72排3列4层/ [索取号:F222.33/Z348] | 在馆 | |
| 2 | 245634 | 202456341 | 社科库409/409社科库 72排3列4层/ [索取号:F222.33/Z348] | 在馆 |